000 01058cam a22003137a 4500
003 CHAP
005 20220329140355.0
008 971013s1987 r 00010 d
010 _a51069
011 _a52041
035 _a56191
040 _cCHAP
090 _aTesis
100 0 0 _aRodríguez Ríos, Andrés.
_998863
245 1 4 _aLas cooperativas agropecuarias de participación estatal en Tlaxcala
260 _aChapingo, Méx. :
_bEl autor,
_c1987
300 _a92 h.
_b: ilus.
502 _aTesis (Ing. Agr. Esp. en Economía Agrícola) -- UACH. Departamento de Economía Agrícola
590 _aALEPH
_b10
_c20130110
_lUCH01
_h1326
590 _aBATCH-UPD
_b10
_c20130110
_lUCH01
_h0340
590 _aBATCH-UPD
_b10
_c20130410
_lUCH01
_h0014
590 _aBATCH-UPD
_b10
_c20130913
_lUCH01
_h2159
590 _aCONVERSION
_b10
_c20130109
_lUCH01
_h1328
650 1 4 _aAgricultura y Estado
_xTlaxcala.
_92065
650 1 4 _aSociedades cooperativas
_xTlaxcala.
_9108140
901 _aBK
942 _cTESIS
949 _bBC
_cTES
_d-122871
_eTS1
_h19769
_i56191
_si
999 _c51069
_d51069